|
|
|
|
| LEADER |
01416nam a2200373Ia 4500 |
| 001 |
EBC480405 |
| 003 |
MiAaPQ |
| 005 |
20200520144314.0 |
| 006 |
m o d | |
| 007 |
cr cn||||||||| |
| 008 |
090422s2009 enka sb 000 0 eng d |
| 020 |
|
|
|z 9781905356942 (pbk.)
|
| 020 |
|
|
|z 1905356943 (pbk.)
|
| 035 |
|
|
|a (MiAaPQ)EBC480405
|
| 035 |
|
|
|a (Au-PeEL)EBL480405
|
| 035 |
|
|
|a (CaPaEBR)ebr10438088
|
| 035 |
|
|
|a (CaONFJC)MIL238450
|
| 035 |
|
|
|a (OCoLC)609854816
|
| 040 |
|
|
|a MiAaPQ
|c MiAaPQ
|d MiAaPQ
|
| 050 |
|
4 |
|a HD58.8
|b .K37 2009
|
| 082 |
0 |
4 |
|a 658.406
|2 22
|
| 100 |
1 |
|
|a Karten, Naomi.
|
| 245 |
1 |
0 |
|a Changing how you manage and communicate change
|h [electronic resource] :
|b focusing on the human side of change /
|c Naomi Karten.
|
| 260 |
|
|
|a Ely :
|b IT Governance Pub.,
|c 2009.
|
| 300 |
|
|
|a xviii, 166 p. :
|b ill.
|
| 504 |
|
|
|a Includes bibliographical references and web references.
|
| 533 |
|
|
|a Electronic reproduction. Ann Arbor, MI : ProQuest, 2015. Available via World Wide Web. Access may be limited to ProQuest affiliated libraries.
|
| 650 |
|
0 |
|a Organizational change
|x Management.
|
| 650 |
|
0 |
|a Communication in management.
|
| 650 |
|
0 |
|a Information technology
|x Management.
|
| 655 |
|
4 |
|a Electronic books.
|
| 710 |
2 |
|
|a ProQuest (Firm)
|
| 830 |
|
0 |
|a Soft skills for IT professionals.
|
| 856 |
4 |
0 |
|u https://ebookcentral.proquest.com/lib/matrademy/detail.action?docID=480405
|z Click to View
|